Statistics for 贵州省县级行政区划

Click here to take the quiz!

General Stats

  • This quiz has been taken 106 times
  • The average score is 46 of 88

Answer Stats

HintAnswer% Correct
水城区
88%
黔东南苗族侗族自治州凯里市
86%
六枝特区
84%
黔南布依族苗族自治县都匀市
82%
黔西南布依族苗族自治州兴义市
81%
白云区
77%
盘州市
74%
赤水市
74%
清镇市
72%
花溪区
70%
乌当区
70%
观山湖区
70%
息烽县
68%
仁怀市
68%
威宁彝族回族苗族自治县
67%
贵阳市南明区
67%
播州区
67%
遵义市红花岗区
67%
云岩区
65%
织金县
65%
荔波县
65%
大方县
61%
黔西市
58%
修文县
58%
桐梓县
58%
习水县
58%
开阳县
56%
独山县
56%
关岭布依族苗族自治县
56%
松桃苗族自治县
51%
毕节市七星关区
51%
兴仁市
51%
福泉市
51%
榕江县
51%
汇川区
49%
镇宁布依族苗族自治县
49%
雷山县
49%
石阡县
49%
玉屏侗族自治县
49%
紫云苗族布依族自治县
49%
从江县
49%
金沙县
49%
赫章县
47%
罗甸县
47%
万山区
47%
龙里县
47%
六盘水市钟山区
47%
镇远县
47%
平坝区
47%
贵定县
46%
剑河县
46%
三都水族自治县
46%
沿河土家族自治县
46%
思南县
46%
德江县
46%
铜仁市碧江区
46%
惠水县
44%
道真仡佬族苗族自治县
44%
瓮安县
44%
务川仡佬族苗族自治县
44%
湄潭县
44%
纳雍县
44%
正安县
42%
安顺市西秀区
42%
江口县
42%
望谟县
42%
施秉县
42%
印江土家族苗族自治县
42%
黎平县
40%
绥阳县
40%
台江县
40%
黄平县
40%
晴隆县
40%
平塘县
40%
普安县
39%
贞丰县
39%
余庆县
39%
安龙县
39%
天柱县
37%
麻江县
37%
普定县
37%
长顺县
37%
三穗县
37%
锦屏县
37%
岑巩县
37%
凤冈县
35%
册亨县
33%
丹寨县
33%

Score Distribution

Percentile by Number Answered

Percent of People with Each Score

Your Score History

You have not taken this quiz